| 000 | 00608nam a2200181Ia 4500 | ||
|---|---|---|---|
| 005 | 20250423100122.0 | ||
| 008 | 250422s9999 xx 000 0 und d | ||
| 020 | _a9781785604652 | ||
| 050 | _aHD 45 .H36/ | ||
| 100 | _aHanna, Nagy K. | ||
| 245 | 0 | _aMastering digital transformation : towards a smarter society, economy, city and nation | |
| 260 | _aLondon | ||
| 260 | _bEmerald Groups Publishing Limited. | ||
| 260 | _c2016 | ||
| 300 | _a399 p | ||
| 650 | _a Technological innovations--Management. Information technology--Management. New products. Strategic planning. | ||
| 942 | _cBK | ||
| 999 |
_c32342 _d32342 |
||